[Event "chess.com Speed 2021"]
[Site "chess.com INT"]
[Date "2021.11.11"]
[Round "1.13"]
[White "Grischuk, Alexander"]
[Black "Nihal, Sarin"]
[Result "1-0"]
[WhiteTitle "GM"]
[BlackTitle "GM"]
[WhiteElo "2773"]
[BlackElo "2650"]
[WhiteFideId "4126025"]
[BlackFideId "25092340"]
[EventDate "2021.11.08"]
[EventType "k.o."]

1. e4 e5 2. Nf3 Nc6 3. Bb5 a6 4. Ba4 Nf6 5. O-O Be7 6. Re1 b5 7. Bb3 O-O 8. h3
Bb7 9. d3 d5 10. exd5 Nxd5 11. Nbd2 Qd7 12. a4 f6 13. c3 Kh8 14. Ne4 Rad8 15.
axb5 axb5 16. Bc2 Ra8 17. Rxa8 Rxa8 18. Bd2 Re8 19. Ng3 Bc5 20. h4 Bb6 21. h5
Qg4 22. d4 Rd8 23. Bf5 1-0

[Event "chess.com Speed 2021"]
[Site "chess.com INT"]
[Date "2021.11.11"]
[Round "1.14"]
[White "Nihal, Sarin"]
[Black "Grischuk, Alexander"]
[Result "1-0"]
[WhiteTitle "GM"]
[BlackTitle "GM"]
[WhiteElo "2650"]
[BlackElo "2773"]
[WhiteFideId "25092340"]
[BlackFideId "4126025"]
[EventDate "2021.11.08"]
[EventType "k.o."]

1. e4 e5 2. Nf3 Nc6 3. Bb5 Nf6 4. d3 Bc5 5. O-O d6 6. c3 O-O 7. Bg5 h6 8. Bh4 g5
9. Bg3 Nh5 10. d4 exd4 11. cxd4 Bb6 12. Bxc6 bxc6 13. Nc3 Bg4 14. Qd3 Bxf3 15.
gxf3 f5 16. exf5 Qf6 17. Rfd1 Rae8 18. Rac1 Qxf5 19. Qc4+ Kh7 20. Qxc6 Qxf3 21.
Qxf3 Rxf3 22. Rc2 Rf7 23. Nd5 Nf6 24. Nxf6+ 1-0

[Event "chess.com Speed 2021"]
[Site "chess.com INT"]
[Date "2021.11.11"]
[Round "1.15"]
[White "Grischuk, Alexander"]
[Black "Nihal, Sarin"]
[Result "0-1"]
[WhiteTitle "GM"]
[BlackTitle "GM"]
[WhiteElo "2773"]
[BlackElo "2650"]
[WhiteFideId "4126025"]
[BlackFideId "25092340"]
[EventDate "2021.11.08"]
[EventType "k.o."]

1. e4 e6 2. d4 d5 3. e5 c5 4. c3 Nc6 5. Nf3 Bd7 6. Be2 Nge7 7. Na3 Nf5 8. Nc2
cxd4 9. cxd4 Rc8 10. O-O Be7 11. Bd2 O-O 12. Bd3 Qb6 13. Bc3 Na5 14. Qe2 Nc4 15.
Rab1 Rc7 16. Kh1 g6 17. g4 Ng7 18. Rg1 f5 19. exf6 Bxf6 20. Rg3 Nd6 21. Re1 Bb5
22. Bxb5 Qxb5 23. Qxb5 Nxb5 24. Re3 Rfc8 25. Ng1 Bg5 26. Rd3 Bc1 27. Ne1 Nxc3
28. bxc3 Bb2 29. Ne2 Rc6 30. Kg2 Ne8 31. Nf3 Nd6 32. Ne5 R6c7 33. Nf4 Re8 34.
Ne2 Ne4 35. Rgf3 Rf8 36. Nf4 Ng5 37. Ne2 Nxf3 38. Nxf3 Rfc8 39. Ng5 Rc6 40. Nf4
Rxc3 41. Rd1 Rc1 42. Rd2 R1c2 43. Rd3 R8c3 44. Rd1 Bc1 45. Ngxe6 Rc6 46. g5 Bxf4
47. Nxf4 Rxa2 48. Nxd5 Rcc2 49. Nf6+ Kf7 50. Ng4 Rd2 51. Rc1 Rxd4 52. Kg3 Ra3+
53. f3 Ke6 54. Rc7 Rb3 55. Rxh7 Rdd3 56. Rg7 Rxf3+ 57. Kg2 Kf5 58. Nf2 Rxf2+ 59.
Kxf2 Kxg5 0-1

[Event "chess.com Speed 2021"]
[Site "chess.com INT"]
[Date "2021.11.11"]
[Round "1.16"]
[White "Nihal, Sarin"]
[Black "Grischuk, Alexander"]
[Result "1/2-1/2"]
[WhiteTitle "GM"]
[BlackTitle "GM"]
[WhiteElo "2650"]
[BlackElo "2773"]
[WhiteFideId "25092340"]
[BlackFideId "4126025"]
[EventDate "2021.11.08"]
[EventType "k.o."]

1. e4 e5 2. Nf3 Nc6 3. Bb5 Nf6 4. d3 Bc5 5. Bxc6 dxc6 6. Nbd2 Be6 7. Nb3 Bb6 8.
Ng5 Bg4 9. Nf3 Nd7 10. Be3 Qe7 11. O-O O-O-O 12. a4 Kb8 13. a5 Bxe3 14. fxe3 a6
15. Qe1 f6 16. Nbd2 Nc5 17. Nc4 Bxf3 18. Rxf3 Ne6 19. Qh4 Qb4 20. Qg4 Qe7 21.
Raf1 Ka7 22. Qh4 Rd7 23. Qh5 h6 24. Kh1 Rhd8 25. Qg4 Re8 26. Kg1 Qb4 27. h4 Ree7
28. Kh2 Rd8 29. Qg6 Nf8 30. Qg4 Ne6 31. Qg6 Nf8 32. Qg4 Ne6 1/2-1/2

[Event "chess.com Speed 2021"]
[Site "chess.com INT"]
[Date "2021.11.11"]
[Round "1.17"]
[White "Grischuk, Alexander"]
[Black "Nihal, Sarin"]
[Result "0-1"]
[WhiteTitle "GM"]
[BlackTitle "GM"]
[WhiteElo "2773"]
[BlackElo "2650"]
[WhiteFideId "4126025"]
[BlackFideId "25092340"]
[EventDate "2021.11.08"]
[EventType "k.o."]

1. e4 e5 2. Nf3 Nc6 3. Bb5 a6 4. Ba4 Nf6 5. O-O Bc5 6. c3 O-O 7. d4 Ba7 8. Re1
b5 9. Bb3 d6 10. Bg5 h6 11. Bh4 Rb8 12. Bd5 Bd7 13. Nbd2 exd4 14. Bxc6 Bxc6 15.
Nxd4 Bd7 16. e5 dxe5 17. Rxe5 Bg4 18. Qc2 Bxd4 19. cxd4 Qd6 20. Bxf6 Qxf6 21.
Qxc7 Rbc8 22. Qa5 Rfd8 23. Ne4 Qg6 24. Qd2 Rc4 25. Qe3 Rcxd4 26. Re1 Rd1 27. Nc3
Rxe1+ 28. Qxe1 Be6 29. h4 Qc2 30. Re3 Qxb2 31. Re2 Qa3 32. Ne4 Qe7 33. Qc3 Qxh4
34. Re1 Qe7 35. Ng3 Qg5 36. Qc7 Qd2 0-1

[Event "chess.com Speed 2021"]
[Site "chess.com INT"]
[Date "2021.11.11"]
[Round "1.18"]
[White "Nihal, Sarin"]
[Black "Grischuk, Alexander"]
[Result "1-0"]
[WhiteTitle "GM"]
[BlackTitle "GM"]
[WhiteElo "2650"]
[BlackElo "2773"]
[WhiteFideId "25092340"]
[BlackFideId "4126025"]
[EventDate "2021.11.08"]
[EventType "k.o."]

1. d4 Nf6 2. Nf3 d5 3. Bf4 c5 4. e3 Nc6 5. Nbd2 Nh5 6. dxc5 Nxf4 7. exf4 g6 8.
c3 Bh6 9. g3 O-O 10. Nb3 a5 11. Bg2 a4 12. Nbd4 Qa5 13. O-O Qxc5 14. a3 Bg4 15.
Qd3 Bxf3 16. Nxf3 Bg7 17. Rfe1 Rfd8 18. h4 Rac8 19. Rac1 e6 20. h5 Bf6 21. hxg6
hxg6 22. Rxe6 fxe6 23. Qxg6+ Bg7 24. Bh3 Rc7 25. Ng5 Rd6 26. Bxe6+ Rxe6 27.
Qxe6+ Kh8 28. Qh3+ Kg8 29. Qh7+ 1-0

[Event "chess.com Speed 2021"]
[Site "chess.com INT"]
[Date "2021.11.11"]
[Round "1.19"]
[White "Grischuk, Alexander"]
[Black "Nihal, Sarin"]
[Result "0-1"]
[WhiteTitle "GM"]
[BlackTitle "GM"]
[WhiteElo "2773"]
[BlackElo "2650"]
[WhiteFideId "4126025"]
[BlackFideId "25092340"]
[EventDate "2021.11.08"]
[EventType "k.o."]

1. e4 e5 2. Nf3 Nc6 3. Bb5 a6 4. Ba4 Nf6 5. O-O Bc5 6. Bxc6 dxc6 7. d3 Qe7 8.
Nbd2 Bg4 9. a3 Nd7 10. b4 Ba7 11. Nc4 f6 12. Be3 c5 13. Na5 cxb4 14. Nxb7 bxa3
15. Na5 Bxe3 16. fxe3 O-O 17. Qc1 Qc5 18. Rxa3 Rfb8 19. Nb3 Qe7 20. Ra5 Be6 21.
Nfd2 Qb4 22. Qa1 Qb6 23. Re1 Qb4 24. Rb1 Qd6 25. Qc3 Rb5 26. Rba1 Rxa5 27. Rxa5
h6 28. Nc5 Nxc5 29. Rxc5 Bd7 30. Nb3 Kh7 31. Rxc7 a5 32. Nxa5 Qb6 33. Rxd7 Qxe3+
34. Kf1 Qf4+ 35. Ke1 Qe3+ 36. Kd1 Qg1+ 37. Kd2 Qxg2+ 38. Kc1 Qxh2 39. Kb2 Qh3
40. Rb7 Rc8 41. Qb3 Qg2 42. Nc4 Qg1 43. Qb4 Qd4+ 44. Qc3 Qc5 45. Qb4 Qd4+ 46.
Kb1 Ra8 0-1

[Event "chess.com Speed 2021"]
[Site "chess.com INT"]
[Date "2021.11.11"]
[Round "1.21"]
[White "Nihal, Sarin"]
[Black "Grischuk, Alexander"]
[Result "1/2-1/2"]
[WhiteTitle "GM"]
[BlackTitle "GM"]
[WhiteElo "2650"]
[BlackElo "2773"]
[WhiteFideId "25092340"]
[BlackFideId "4126025"]
[EventDate "2021.11.08"]
[EventType "k.o."]

1. d4 Nf6 2. Nf3 d5 3. Bf4 c5 4. e3 Nc6 5. Nbd2 Nh5 6. Be5 e6 7. Bb5 f6 8. Bg3
Nxg3 9. hxg3 cxd4 10. exd4 Bd7 11. Bd3 Qb6 12. c4 O-O-O 13. O-O Nxd4 14. cxd5
exd5 15. Nxd4 Qxd4 16. Nf3 Qb6 17. a4 a5 18. Be2 Kb8 19. Qxd5 Bc6 20. Qf5 Bc5
21. Rac1 Rd5 22. Qg4 g5 23. Bb5 Bxb5 24. axb5 h5 25. Qe4 Rhd8 26. Qg6 h4 27.
gxh4 gxh4 28. Rc2 Rd1 29. Rxd1 Rxd1+ 30. Kh2 Qd6+ 31. g3 hxg3+ 32. Qxg3 Ka7 33.
Qxd6 Bxd6+ 34. Kg2 Kb6 35. Nd2 Kxb5 36. Nc4 Be5 37. Kf3 Rd4 38. Ne3 a4 39. Ke2
b6 40. Nd1 Rb4 41. Kd3 Rd4+ 42. Ke2 Rc4 43. Rd2 Re4+ 44. Ne3 Rb4 45. Nd1 Kc5 46.
Rc2+ Rc4 47. Rd2 b5 48. Ne3 Rb4 49. Rc2+ Kd6 50. Nd1 Re4+ 51. Kd3 Rd4+ 52. Ke2
Rc4 53. Rd2+ Ke6 54. Ne3 Rb4 55. Nd1 Rd4 56. Rc2 Re4+ 57. Kd3 Rd4+ 58. Ke2 b4
59. Ne3 b3 60. Rc6+ Rd6 61. Rc4 Bxb2 62. Rxa4 Be5 63. Rb4 b2 64. Nd1 Rd4 65.
Rb6+ Rd6 66. Rb4 Rd4 67. Rb6+ Kf5 68. Nxb2 Re4+ 69. Kf1 Bxb2 70. Rxb2 Re5 71.
Rb3 Re6 72. Kg2 Kg6 73. Rg3+ Kf7 74. Kf1 Re5 75. Kg2 Rg5 76. Rxg5 fxg5 77. Kg3
Kf6 78. Kg4 Kg6 79. f4 gxf4 80. Kxf4 1/2-1/2

[Event "chess.com Speed 2021"]
[Site "chess.com INT"]
[Date "2021.11.11"]
[Round "1.22"]
[White "Grischuk, Alexander"]
[Black "Nihal, Sarin"]
[Result "1/2-1/2"]
[WhiteTitle "GM"]
[BlackTitle "GM"]
[WhiteElo "2773"]
[BlackElo "2650"]
[WhiteFideId "4126025"]
[BlackFideId "25092340"]
[EventDate "2021.11.08"]
[EventType "k.o."]

1. e4 e5 2. Nf3 Nc6 3. Bb5 a6 4. Ba4 Nf6 5. O-O Bc5 6. c3 O-O 7. d4 Ba7 8. Re1
b5 9. Bc2 d6 10. h3 Bb7 11. Be3 exd4 12. cxd4 Nb4 13. Nbd2 Nxc2 14. Qxc2 Re8 15.
d5 Bxe3 16. Rxe3 Rc8 17. Nd4 c5 18. dxc6 Qb6 19. Rc3 Qxd4 20. cxb7 Rxc3 21. Qxc3
Qxc3 22. bxc3 Rb8 23. a4 Rxb7 24. axb5 Rxb5 25. Rxa6 Kf8 26. Rxd6 Rb2 27. e5 Nh5
28. g3 Rc2 29. Ne4 Ke7 30. Kg2 g6 31. Rc6 h6 32. Kf1 Ng7 33. Rc7+ Ke6 34. Nc5+
Kxe5 35. Rxf7 Nf5 36. Nd3+ Ke4 37. Ne1 Rxc3 38. Rf6 Nxg3+ 39. fxg3 Rxg3 40. h4
Rg4 41. Ng2 h5 42. Re6+ Kf5 43. Ra6 Ke5 44. Ra5+ Kf6 45. Kf2 g5 46. Ra6+ Ke5 47.
hxg5 Rxg5 48. Kf3 Rf5+ 49. Kg3 Rg5+ 50. Kh3 Rg4 51. Ra5+ Kd6 52. Rxh5 Rb4 53.
Kg3 Ke6 54. Nf4+ Kd6 55. Kf3 Ra4 56. Ke3 Ra1 57. Rd5+ Ke7 58. Rb5 Re1+ 59. Kd4
Kf7 60. Nd3 Re2 61. Ne5+ Ke6 62. Rb6+ Kf5 63. Nd3 Re4+ 64. Kd5 Re8 65. Rb7 Rd8+
66. Kc4 Rc8+ 67. Nc5 Rd8 68. Rf7+ Kg4 69. Ne6 Rd1 70. Nd4 Kg5 71. Kd5 Kg6 72.
Rf2 Re1 73. Ne2 Ra1 74. Ke4 Ra4+ 75. Nd4 Kg7 76. Ke5 Kg6 77. Rg2+ Kf7 78. Nc6
Ra1 79. Rf2+ Kg7 80. Ke6 Ra6 81. Rg2+ Kf8 82. Rc2 Kg7 83. Kf5 Ra1 84. Ne5 Rf1+
85. Ke6 Re1 86. Rg2+ Kf8 87. Rg3 Re2 88. Rg1 Re3 89. Kf6 Re2 90. Ng6+ Ke8 91.
Rd1 Rf2+ 92. Ke6 Ra2 93. Ne5 Ra6+ 94. Kf5 Ra2 95. Rb1 Ra6 96. Rb7 Rh6 97. Ng4
Ra6 98. Nf6+ Kd8 99. Nd5 Kc8 100. Rc7+ Kd8 101. Rh7 Ra1 102. Ke6 1/2-1/2

[Event "chess.com Speed 2021"]
[Site "chess.com INT"]
[Date "2021.11.11"]
[Round "1.23"]
[White "Nihal, Sarin"]
[Black "Grischuk, Alexander"]
[Result "0-1"]
[WhiteTitle "GM"]
[BlackTitle "GM"]
[WhiteElo "2650"]
[BlackElo "2773"]
[WhiteFideId "25092340"]
[BlackFideId "4126025"]
[EventDate "2021.11.08"]
[EventType "k.o."]

1. d4 Nf6 2. Nf3 d5 3. Bf4 c5 4. e3 Nc6 5. Nbd2 Nh5 6. dxc5 Nxf4 7. exf4 g6 8.
c3 Bh6 9. g3 O-O 10. Nb3 a5 11. a4 Bg4 12. Bg2 b6 13. O-O e6 14. h3 Bxf3 15.
Bxf3 Qc7 16. Qe2 Rfd8 17. Rfd1 Bg7 18. h4 Rab8 19. Rab1 Ne7 20. cxb6 Rxb6 21.
Nd2 Rdb8 22. c4 Rxb2 23. Rxb2 Rxb2 24. cxd5 exd5 25. Qd3 Qc3 26. Be2 Qxd3 27.
Bxd3 Nc6 28. Nf3 Nd4 29. Bb5 Nxf3+ 0-1

[Event "chess.com Speed 2021"]
[Site "chess.com INT"]
[Date "2021.11.11"]
[Round "1.24"]
[White "Grischuk, Alexander"]
[Black "Nihal, Sarin"]
[Result "1/2-1/2"]
[WhiteTitle "GM"]
[BlackTitle "GM"]
[WhiteElo "2773"]
[BlackElo "2650"]
[WhiteFideId "4126025"]
[BlackFideId "25092340"]
[EventDate "2021.11.08"]
[EventType "k.o."]

1. e4 g6 2. d4 Bg7 3. Nf3 d6 4. Bd3 Nc6 5. O-O e5 6. dxe5 Nxe5 7. Nxe5 Bxe5 8.
Nc3 Bg7 9. Bf4 Ne7 10. Qd2 O-O 11. Bh6 Nc6 12. Rae1 Be6 13. Bxg7 Kxg7 14. f4 f6
15. Re3 Qd7 16. f5 Bg8 17. Bb5 Qe7 18. Bxc6 bxc6 19. Nd1 Rae8 20. Nf2 gxf5 21.
Rg3+ Kh8 22. exf5 Bc4 23. Nd3 Bxd3 24. cxd3 Qe2 25. Qh6 Rf7 26. h3 Qxb2 27. Kh2
d5 28. Rc1 Qb6 29. Qh5 Ref8 30. d4 Qxd4 31. Rxc6 Qe5 32. Re6 Qf4 33. Qxf7 Qxg3+
34. Kxg3 Rxf7 35. Kf4 c5 36. Rc6 c4 37. Ke3 Kg7 38. Kd4 Rd7 39. g4 Kf7 40. h4
Ke7 41. g5 fxg5 42. hxg5 Rd6 43. Rc7+ Rd7 44. Rc6 Rd6 45. Rc7+ Rd7 46. Rc6 1/2-1/2

[Event "chess.com Speed 2021"]
[Site "chess.com INT"]
[Date "2021.11.11"]
[Round "1.25"]
[White "Nihal, Sarin"]
[Black "Grischuk, Alexander"]
[Result "1/2-1/2"]
[WhiteTitle "GM"]
[BlackTitle "GM"]
[WhiteElo "2650"]
[BlackElo "2773"]
[WhiteFideId "25092340"]
[BlackFideId "4126025"]
[EventDate "2021.11.08"]
[EventType "k.o."]

1. Nf3 Nf6 2. c4 c5 3. Nc3 Nc6 4. d4 cxd4 5. Nxd4 e6 6. g3 Qb6 7. Ndb5 Ne5 8.
Bg2 a6 9. Qa4 Rb8 10. Na3 h5 11. Qb3 Qc7 12. Bf4 h4 13. Ne4 Be7 14. Qc3 d6 15.
Rd1 h3 16. Nxf6+ Bxf6 17. Be4 b6 18. Qc2 O-O 19. O-O Bb7 20. b3 Rfc8 21. Qb1 b5
22. cxb5 axb5 23. Rc1 Qb6 24. Be3 Qa5 25. Bxb7 Rxc1 26. Qxc1 Rxb7 27. Qc8+ Kh7
28. Qxb7 Qxa3 29. Qe4+ g6 30. Bd4 Qxa2 31. Bxe5 Bxe5 32. Qh4+ Kg7 33. e3 Qxb3
34. Qxh3 b4 35. Qg4 Qc3 36. Qe2 b3 37. Rb1 b2 38. h4 d5 39. Qd1 d4 40. exd4 Bxd4
41. Kg2 e5 42. Qe2 Qc6+ 43. Kh2 Qc5 44. h5 gxh5 45. Qxh5 Qc2 46. Qg5+ Kf8 47.
Qd8+ Kg7 48. Qg5+ Kf8 49. Qd8+ Kg7 50. Qg5+ 1/2-1/2

[Event "chess.com Speed 2021"]
[Site "chess.com INT"]
[Date "2021.11.11"]
[Round "1.26"]
[White "Grischuk, Alexander"]
[Black "Nihal, Sarin"]
[Result "1-0"]
[WhiteTitle "GM"]
[BlackTitle "GM"]
[WhiteElo "2773"]
[BlackElo "2650"]
[WhiteFideId "4126025"]
[BlackFideId "25092340"]
[EventDate "2021.11.08"]
[EventType "k.o."]

1. e4 Nf6 2. e5 Nd5 3. d4 d6 4. Nf3 dxe5 5. Nxe5 c6 6. Be2 Bf5 7. g4 Be6 8. f4
g6 9. O-O Bg7 10. f5 gxf5 11. gxf5 Bc8 12. c4 Nb6 13. Nc3 Bxe5 14. dxe5 Rg8+ 15.
Kh1 Qxd1 16. Nxd1 Na6 17. b3 Nc5 18. Ne3 Bd7 19. Ba3 Ne4 20. Rf4 Ng5 21. h4 Nh3
22. Rf3 1-0

[Event "chess.com Speed 2021"]
[Site "chess.com INT"]
[Date "2021.11.11"]
[Round "1.27"]
[White "Nihal, Sarin"]
[Black "Grischuk, Alexander"]
[Result "1/2-1/2"]
[WhiteTitle "GM"]
[BlackTitle "GM"]
[WhiteElo "2650"]
[BlackElo "2773"]
[WhiteFideId "25092340"]
[BlackFideId "4126025"]
[EventDate "2021.11.08"]
[EventType "k.o."]

1. e4 e5 2. Nf3 Nc6 3. Bb5 Nf6 4. d3 Bc5 5. Bxc6 dxc6 6. Nbd2 Be6 7. Nb3 Bb6 8.
Nxe5 Bxb3 9. axb3 Qd4 10. Ng4 Nxg4 11. Qxg4 Qxf2+ 12. Kd1 O-O 13. Ra4 f5 14.
exf5 Qxf5 15. Qxf5 Rxf5 16. Rf4 Raf8 17. Rhf1 Rxf4 18. Rxf4 Bc5 19. Ke2 Bd6 20.
Rxf8+ Kxf8 21. h3 Kf7 22. Kf3 Ke6 23. Ke4 h5 24. g4 hxg4 25. hxg4 g6 26. d4 a6
27. Bd2 Be7 28. Bf4 Bd6 29. Bd2 Be7 30. b4 b5 31. c3 Bf6 32. Bf4 Kd7 33. Bd2 Ke6
34. Be3 Be7 35. Bf4 Kd7 36. Bg3 Bf6 37. Bh2 Be7 38. Bf4 Bf6 39. Be3 Ke6 40. Bd2
Be7 41. b3 Bf8 42. c4 Be7 43. d5+ cxd5+ 44. cxd5+ Kd6 45. Bc3 Bf8 46. Be5+ Kd7
47. Bc3 Bd6 48. Bd2 Kc8 49. Bc3 Kd7 50. Bd2 Kc8 51. Bc3 Kd7 1/2-1/2

[Event "chess.com Speed 2021"]
[Site "chess.com INT"]
[Date "2021.11.11"]
[Round "1.28"]
[White "Grischuk, Alexander"]
[Black "Nihal, Sarin"]
[Result "0-1"]
[WhiteTitle "GM"]
[BlackTitle "GM"]
[WhiteElo "2773"]
[BlackElo "2650"]
[WhiteFideId "4126025"]
[BlackFideId "25092340"]
[EventDate "2021.11.08"]
[EventType "k.o."]

1. e4 e5 2. Nf3 Nc6 3. Bb5 a6 4. Ba4 Bc5 5. c3 Nge7 6. O-O Ng6 7. d4 Ba7 8. Bg5
f6 9. Be3 O-O 10. Nbd2 d6 11. Re1 Kh8 12. h3 Bd7 13. Rc1 Qe8 14. Bc2 f5 15. exf5
Bxf5 16. Bxf5 Rxf5 17. Qb3 Rb8 18. Qd5 Nce7 19. Qc4 e4 20. Nh2 c6 21. f3 d5 22.
Qe2 exf3 23. Ndxf3 Rf8 24. Ng4 Nf5 25. Bd2 c5 26. Qxe8 Rbxe8 27. Ne3 Ng3 28.
dxc5 Bxc5 29. Nd4 Nf4 30. Kh2 Ne4 31. Rcd1 Nd3 32. Rf1 Nxb2 33. Rxf8+ Rxf8 34.
Rb1 Nd3 35. Be1 Nxe1 36. Rxe1 Nxc3 37. Ne6 Bd6+ 38. g3 Rf2+ 39. Kg1 Bxg3 40. Nf1
Re2 41. Rc1 Be5 42. Nf4 Rxa2 43. Nd3 Ne2+ 0-1

[Event "chess.com Speed 2021"]
[Site "chess.com INT"]
[Date "2021.11.11"]
[Round "1.31"]
[White "Nihal, Sarin"]
[Black "Grischuk, Alexander"]
[Result "1/2-1/2"]
[WhiteTitle "GM"]
[BlackTitle "GM"]
[WhiteElo "2650"]
[BlackElo "2773"]
[WhiteFideId "25092340"]
[BlackFideId "4126025"]
[EventDate "2021.11.08"]
[EventType "k.o."]

1. Nf3 Nf6 2. b3 c5 3. Bb2 Nc6 4. e3 g6 5. d4 cxd4 6. Nxd4 Bg7 7. Be2 O-O 8. O-O
d5 9. Nxc6 bxc6 10. c4 Qc7 11. Nc3 Rd8 12. cxd5 cxd5 13. Rc1 Qb8 14. h3 Bf5 15.
Na4 e5 16. Qd2 a5 17. Qc3 d4 18. exd4 exd4 19. Qc7 d3 20. Bf3 Qxc7 21. Rxc7 Rac8
22. Rxc8 Rxc8 23. Rd1 Nd7 24. g4 Bxb2 25. gxf5 Ne5 26. Be4 Bd4 27. Bxd3 Ba7 28.
fxg6 hxg6 29. Kg2 Nxd3 30. Rxd3 Rc2 31. Rf3 Rxa2 32. Nc3 Rd2 33. Ne4 Rd4 34. Ng5
Rd7 35. Ne4 Kg7 36. Rc3 Rd4 37. Kf3 Rd7 38. Ke2 Rb7 39. f3 Bd4 40. Rd3 Be5 41.
Rd5 f6 42. Rxa5 Rxb3 43. Ra2 g5 44. Kf2 Kg6 45. Kg2 Kf5 46. Re2 Kg6 47. Nf2 Rb2
48. Rxb2 Bxb2 49. Nd3 Ba1 50. f4 gxf4 51. Nxf4+ Kg5 52. Kf3 f5 53. Ne6+ Kf6 54.
Nf4 Kg5 55. Ne6+ Kf6 56. Nf4 Kg5 1/2-1/2

[Event "chess.com Speed 2021"]
[Site "chess.com INT"]
[Date "2021.11.11"]
[Round "1.32"]
[White "Grischuk, Alexander"]
[Black "Nihal, Sarin"]
[Result "1-0"]
[WhiteTitle "GM"]
[BlackTitle "GM"]
[WhiteElo "2773"]
[BlackElo "2650"]
[WhiteFideId "4126025"]
[BlackFideId "25092340"]
[EventDate "2021.11.08"]
[EventType "k.o."]

1. e4 g6 2. d4 Bg7 3. Nf3 d6 4. Bd3 Nc6 5. O-O Bg4 6. c3 e5 7. d5 Nce7 8. c4 f5
9. Nc3 Nf6 10. Be2 Bxf3 11. Bxf3 f4 12. Bg4 Nxg4 13. Qxg4 Qd7 14. Qxd7+ Kxd7 15.
a4 a5 16. Bd2 b6 17. Nb5 Ra6 18. Ra3 Rha8 19. g3 g5 20. h4 gxh4 21. gxf4 exf4
22. Bxf4 Bxb2 23. Rh3 Ng6 24. Bh2 Re8 25. Re1 Be5 26. f4 Nxf4 27. Bxf4 Bxf4 28.
Rxh4 Bg5 29. Rxh7+ Re7 30. Rxe7+ Bxe7 31. Kg2 Ra8 32. Rh1 Rg8+ 33. Kf3 Rf8+ 34.
Ke2 Rf4 35. Ke3 Rg4 36. Rh7 Rg3+ 37. Kf4 Rg1 38. Nd4 Ke8 39. Nc6 Bf6 40. Rxc7
Rf1+ 41. Kg4 Ra1 42. Kf5 Bh4 43. Ke6 Kf8 44. Kxd6 Rxa4 45. c5 Rxe4 46. Rc8+ Re8
47. Rxe8+ Kxe8 48. cxb6 Bg3+ 49. Ne5 Bf2 50. b7 Ba7 51. Nc6 1-0

[Event "chess.com Speed 2021"]
[Site "chess.com INT"]
[Date "2021.11.11"]
[Round "1.33"]
[White "Nihal, Sarin"]
[Black "Grischuk, Alexander"]
[Result "0-1"]
[WhiteTitle "GM"]
[BlackTitle "GM"]
[WhiteElo "2650"]
[BlackElo "2773"]
[WhiteFideId "25092340"]
[BlackFideId "4126025"]
[EventDate "2021.11.08"]
[EventType "k.o."]

1. Nf3 Nf6 2. b3 g6 3. Bb2 Bg7 4. c4 c5 5. g3 b6 6. Bg2 Bb7 7. O-O O-O 8. d4
cxd4 9. Qxd4 d6 10. Nc3 Nbd7 11. Qd2 a6 12. Rac1 Qb8 13. Rfd1 Re8 14. h4 b5 15.
Nd5 bxc4 16. Nxf6+ Nxf6 17. Rxc4 a5 18. Rdc1 h5 19. Bd4 Ba6 20. Rc6 Bb7 21. Rc7
Be4 22. Bf1 a4 23. b4 Bf5 24. Ng5 d5 25. a3 Qd8 26. Bg2 Ne4 27. Qb2 e5 28. Be3
Nxg5 29. Bxg5 e4 30. Qd2 Qd6 31. Bf4 Qf6 32. R7c6 Qb2 33. R6c2 Qxa3 34. Qxd5
Rad8 35. Qc5 Qb3 36. b5 e3 37. Bxe3 Bxc2 38. Qxc2 Qxc2 39. Rxc2 a3 40. b6 Bb2
41. Kh2 a2 42. Rxb2 a1=Q 43. Rb5 Rxe3 44. fxe3 Rb8 45. b7 Kg7 46. Bf3 Qa6 47.
Rb4 Qe6 48. Kg2 Qxe3 49. Rc4 Qe7 50. Rc3 Rxb7 0-1

[Event "chess.com Speed 2021"]
[Site "chess.com INT"]
[Date "2021.11.11"]
[Round "1.34"]
[White "Grischuk, Alexander"]
[Black "Nihal, Sarin"]
[Result "0-1"]
[WhiteTitle "GM"]
[BlackTitle "GM"]
[WhiteElo "2773"]
[BlackElo "2650"]
[WhiteFideId "4126025"]
[BlackFideId "25092340"]
[EventDate "2021.11.08"]
[EventType "k.o."]

1. e4 g6 2. d4 Bg7 3. Nc3 d6 4. Be3 Nc6 5. Bb5 Bd7 6. Qd2 e5 7. Nge2 exd4 8.
Nxd4 Nge7 9. O-O-O O-O 10. h4 h5 11. f3 Ne5 12. Be2 N7c6 13. Kb1 b5 14. Ndxb5
Rb8 15. b3 Be6 16. Nd5 Bxd5 17. exd5 Ne7 18. g4 Qd7 19. Nc3 hxg4 20. fxg4 Nxg4
21. Bxg4 Qxg4 22. h5 Nf5 23. hxg6 fxg6 24. Rdg1 Qf3 25. Nd1 Rbe8 26. Rf1 Qe4 27.
Re1 Qe5 28. c3 Qe4+ 29. Kb2 Re5 30. Qh2 Qxd5 31. Rhg1 Nxe3 32. Nxe3 Qd3 33. Rxg6
Qxg6 34. Rg1 Qe6 35. Qg3 Rf7 36. Ng4 Rg5 37. Qh4 Qg6 38. Rg2 Rf4 0-1

[Event "chess.com Speed 2021"]
[Site "chess.com INT"]
[Date "2021.11.11"]
[Round "1.35"]
[White "Nihal, Sarin"]
[Black "Grischuk, Alexander"]
[Result "1-0"]
[WhiteTitle "GM"]
[BlackTitle "GM"]
[WhiteElo "2650"]
[BlackElo "2773"]
[WhiteFideId "25092340"]
[BlackFideId "4126025"]
[EventDate "2021.11.08"]
[EventType "k.o."]

1. Nf3 c5 2. d4 cxd4 3. Nxd4 d5 4. e3 e5 5. Nf3 Nc6 6. a3 Nf6 7. b4 Bd6 8. Bb2
Qe7 9. Nbd2 Bg4 10. Be2 O-O 11. O-O Rad8 12. h3 Bh5 13. c4 dxc4 14. Nxc4 Bb8 15.
Qc2 Bg6 16. Qb3 e4 17. Nd4 Nxd4 18. Bxd4 Nh5 19. Rfd1 Qg5 20. Qb2 Bf5 21. Kf1
Be6 22. Rac1 h6 23. Ne5 Nf6 24. Nc4 Nd5 25. Be5 b5 26. Bxb8 bxc4 27. Be5 Rc8 28.
Bd4 Nb6 29. Bc5 Rfd8 30. Rxd8+ Rxd8 31. Bd4 Qb5 32. Bxg7 Na4 33. Qf6 Qg5 34.
Qxg5 hxg5 35. Bd4 a6 36. Ke1 Rc8 37. Kd2 Kh7 38. g3 Kg6 39. h4 g4 40. Bd1 Bd7
41. Bxa4 Bxa4 42. Kc3 Bb5 43. Ra1 Ba4 44. Bc5 Rd8 45. Bd4 Rc8 46. Rg1 f5 47. Rh1
Kh5 48. Rc1 Bb5 49. Rb1 Ba4 50. Rb2 Bb5 51. Ra2 Ba4 52. Rd2 Rd8 53. Kxc4 Bb5+
54. Kc3 Kg6 55. Kb3 Rd7 56. a4 Bd3 57. Rd1 Rc7 58. Bc5 a5 59. Rc1 axb4 60. Kxb4
Rb7+ 61. Ka3 Rc7 62. Rc3 Rb7 63. Rb3 Rc7 64. Rc3 Rc8 65. Bd4 Rb8 66. Rc6+ Kh7
67. Rb6 Rc8 68. a5 Rc2 69. a6 1-0

[Event "chess.com Speed 2021"]
[Site "chess.com INT"]
[Date "2021.11.11"]
[Round "1.36"]
[White "Grischuk, Alexander"]
[Black "Nihal, Sarin"]
[Result "0-1"]
[WhiteTitle "GM"]
[BlackTitle "GM"]
[WhiteElo "2773"]
[BlackElo "2650"]
[WhiteFideId "4126025"]
[BlackFideId "25092340"]
[EventDate "2021.11.08"]
[EventType "k.o."]

1. e4 g6 2. d4 Bg7 3. Nc3 d6 4. Be3 Nc6 5. Qd2 e5 6. Nge2 Nf6 7. f3 O-O 8. O-O-O
b5 9. Nxb5 Rb8 10. Nbc3 exd4 11. Nxd4 Bd7 12. Bc4 Ne5 13. Be2 d5 14. exd5 Qe7
15. Nb3 a5 16. Bc5 Qd8 17. f4 Neg4 18. h3 a4 19. Na1 Ne4 20. hxg4 Nxd2 21. Rxd2
Re8 22. Bf3 Qf6 23. g3 Qa6 24. Rd3 Bb5 25. Rd4 a3 26. b4 Re3 0-1